00680nam a2200205Ia 4500003000900000008004100009020001800050040001600068080001500084100001900099245015600118250001300274260003100287300001700318490005000335650002100385650002200406650002400428700002200452IN-BaIIA211028s9999 xx 000 0 eng d a1-58053-832-0 cIIA Library a537.8bTAF aTaflove, Allen 0aComputational electrodynamicsbthe finite-difference time-domain methodcAllen Taflove and Susan C. Hagness  a3rd ed. aBostonbArtech Housec2005 axxii, 1006p. aArtech house antennas and propagation library aElectromagnetism aMaxwell equations aNumerical solutions aHagness, Susan C.